Language Quiz

Random Language or Spanish Quiz

Country names in Spanish Quiz Stats

 Plays Quiz not verified by Sporcle

Score 0/20 Timer 04:00
0 Plays Today
% Correct
Solomon Islands
100%
Algeria
98.8%
Philippines
98.8%
Belgium
98.8%
Lebanon
98.8%
Mauritius
98.8%
Timor-Leste
98.8%
Spain
98.8%
United States
97.7%
Cote d'Ivoire
97.7%
% Correct
Slovakia
97.7%
Lithuania
97.7%
United Arab Emirates
97.7%
United Kingdom
97.7%
The Netherlands
96.5%
Morocco
96.5%
Germany
94.2%
Switzerland
94.2%
Sweden
83.7%
Latvia
81.4%

You're not logged in!

Compare scores with friends on all Sporcle quizzes.
OR
Log In

Show Comments

Extras

Top Quizzes Today


Score Distribution

Your Account Isn't Verified!

In order to create a playlist on Sporcle, you need to verify the email address you used during registration. Go to your Sporcle Settings to finish the process.

Report this User

Report this user for behavior that violates our Community Guidelines.

Details: